Datum a čas kvízu
23
Celkem bodů
Celkový počet nahraných bodů na tomto kvízu bez doplňovacích otázek.
12.
Pořadí na kvízu
Konečné umístění týmu na tomto kvízu.
Zaznamenané odpovědi
| # | Otázka | Odpověď | Body | Výsledky |
|---|---|---|---|---|
| 1. | Ve kterém senátním okrsku byla... | Jihlava | 1 | |
| 2. | V italských předčasných parlam... | Giorgia Meloniová | 0 | |
| 3. | Minulý týden po 28 letech skon... | Zelený Raoul, Reflex | 1 | |
| 4. | V noci na úterý byla završena... | DART | 1 | |
| 5. | Mezinárodní basketbalová feder... | Mali | 0 | |
| 6. | Říjnové kalendárium začneme 2.... | Příhody lišky Bystroušky | 0 | |
| 7. | Dne 10. října 1946 se narodil... | Tmavomodrý svět | 0 | |
| 8. | Dne 14. října překonal pilot C... | 1947 | 1 | |
| 9. | Ve kterém hlavním městě došlo... | v Paříži | 0 | |
| 10. | Dne 29. října 1863 byla po kon... | (Mezinárodní) Červený kříž | 1 |